Caring for the elderly

Αποθηκεύτηκε σε:
Λεπτομέρειες βιβλιογραφικής εγγραφής
Κύριος συγγραφέας: Windmill, Veronica
Μορφή: Βιβλίο
Γλώσσα:English
Δημοσίευση: London : Longman, c1996
Θέματα:
Ετικέτες: Προσθήκη ετικέτας
Δεν υπάρχουν, Καταχωρήστε ετικέτα πρώτοι!

MARC

LEADER 00000nam a2200000 i 4500
001 1/8844
008 000726s1996 eng d
020 |a 0582-28741-3 
035 |l 10062833 
040 |a GR-MY-UA  |b gre  |e aacr 
041 0 |a eng 
082 0 |a 362.60941 
100 1 |a Windmill, Veronica. 
245 1 0 |a Caring for the elderly /  |c Veronica Windmill 
260 |a London :   |b Longman,   |c c1996 
300 |a xi, 178 p.  |b ill., maps 
500 |a Rev. and updated ed. - Previous ed.: London : Pitman, 1992 
500 |a Includes index 
650 0 0 |a Older people  |x Care  |z Great Britain. 
650 0 0 |a Older people  |x Services for  |z Great Britain. 
650 0 0 |a Older people  |x Health and hygiene  |z Great Britain. 
852 |a INST  |b LESVOS  |e 20000726  |h 362.60941 WIN  |p 005100021324  |q 005100021324  |t BK  |y 0 
901 |a BIBL1-2000-2 
909 |a Λ  |b 066646 
922 |a 1ΕΛΗ  |b 199907  |c ΚΠΣ/ΤΚ  |d ΠΑΠΑΣΩΤΗΡΙΟΥ 
950 |a 103-1998-07-27 
970 |z 2000/07/ΔΕΜΕΝΑΓΑΣ